• 首页
  • 本馆介绍
  • 公告通知
  • 最新文献
  • 馆藏检索
  • 电子资源
  • 读者导购
  • 参考咨询
  • 我的图书馆
  • 登录
  • 详细信息显示
  • 放入我的书架
  • 预约/预借图书
  • 作者相关作品
  • 分类相关作品
  • 丛书相关作品
  • 出版社相关作品

书目信息

  • 表格格式
  • 工作单格式
  • 卡片格式
题名:
西班牙语+英语
    
 
作者: ;满新茹 译 ;实业之日本社 编著
分册:  
出版信息: 北京   旅游教育出版社  2016
页数: 317页
开本: 17cm
丛书名: 乐游全球丛书
单 册:
中图分类: H349.9 , H319.9
科图分类:
主题词: 西班牙语--口语 , 英语--口语
电子资源:
ISBN: 978-7-5637-3312-5
000 01149nam0 2200289 450
001 2350751404
005 20231129140648.22
010    @a978-7-5637-3312-5@dCNY35.00
100    @a20160425d2016 em y0chiy50 ea
101 1  @achi@aspa@aeng@cjpn
102    @aCN@b110000
105    @ay z 001yy
200 1  @a西班牙语+英语@Axi ban ya yu + ying yu@f实业之日本社海外版编辑部编著@g满新茹译
210    @a北京@c旅游教育出版社@d2016
215    @a317页@d17cm
225 1  @a乐游全球丛书@i旅行会话系列@v7
330    @a本书分场景从乘机、交通、住宿、就餐、观光、通信、回国、应对紧急情况等方面,精选了旅行过程中经常用到的实用单词、短语、句子等,其中除了英文,对西班牙语附以汉字进行注音,可以让游客应急现学现用,从而使旅行沟通变得更加便利。另外,书稿中还附有丰富、实用的旅行小提示,以方便读者旅游过程中参考使用。
461  0 @12001 @a乐游全球丛书
462  0 @12001 @a旅行会话系列
606 0  @a西班牙语@x口语
606 0  @a英语@x口语
690    @aH349.9@v5
690    @aH319.9@v5
702  0 @a满新茹@Aman xin ru@4译
711 02 @a实业之日本社@Ashi ye zhi ri ben she@b海外版编辑部@4编著
801  0 @aCN@b山东中教@c20231126
905    @aBZT@dH349.9@e3
    
    西班牙语+英语/实业之日本社海外版编辑部编著/满新茹译.-北京:旅游教育出版社,2016
    317页;17cm.-(乐游全球丛书.旅行会话系列;7)
    
    
    ISBN 978-7-5637-3312-5:CNY35.00
    本书分场景从乘机、交通、住宿、就餐、观光、通信、回国、应对紧急情况等方面,精选了旅行过程中经常用到的实用单词、短语、句子等,其中除了英文,对西班牙语附以汉字进行注音,可以让游客应急现学现用,从而使旅行沟通变得更加便利。另外,书稿中还附有丰富、实用的旅行小提示,以方便读者旅游过程中参考使用。
●
相关链接 在五车中查询图书 在当当中查询图书 在豆瓣中查询图书


正题名:西班牙语+英语     索取号:H349.9/3         预约/预借

序号 登录号 条形码 馆藏地/架位号 状态 备注
1 2001193276   2001193276   中教(第二批第二书库)/山东中教(第二批)/256/ [索取号:H349.9/3] 在馆    
2 2001193277   2001193277   中教(第二批第二书库)/山东中教(第二批)/256/ [索取号:H349.9/3] 在馆    
3 2001193278   2001193278   中教(第二批第二书库)/山东中教(第二批)/256/ [索取号:H349.9/3] 在馆    
4 2001193279   2001193279   中教(第二批第二书库)/山东中教(第二批)/256/ [索取号:H349.9/3] 在馆    
5 2001193280   2001193280   中教(第二批第二书库)/山东中教(第二批)/256/ [索取号:H349.9/3] 在馆    
6 2001193281   2001193281   中教(第二批第二书库)/山东中教(第二批)/256/ [索取号:H349.9/3] 在馆    
7 2001193282   2001193282   中教(第二批第二书库)/山东中教(第二批)/256/ [索取号:H349.9/3] 在馆    
8 2001193283   2001193283   中教(第二批第二书库)/山东中教(第二批)/256/ [索取号:H349.9/3] 在馆    
9 2001193284   2001193284   中教(第二批第二书库)/山东中教(第二批)/256/ [索取号:H349.9/3] 在馆    
10 2001193285   2001193285   中教(第二批第二书库)/山东中教(第二批)/256/ [索取号:H349.9/3] 在馆    
11 2001193286   2001193286   中教(第二批第二书库)/山东中教(第二批)/256/ [索取号:H349.9/3] 在馆    
12 2001193287   2001193287   中教(第二批第二书库)/山东中教(第二批)/256/ [索取号:H349.9/3] 在馆    
13 2001193288   2001193288   中教(第二批第二书库)/山东中教(第二批)/256/ [索取号:H349.9/3] 在馆    
14 2001193289   2001193289   中教(第二批第二书库)/山东中教(第二批)/256/ [索取号:H349.9/3] 在馆    
15 2001193290   2001193290   中教(第二批第二书库)/山东中教(第二批)/256/ [索取号:H349.9/3] 在馆    
16 2001193291   2001193291   中教(第二批第二书库)/山东中教(第二批)/256/ [索取号:H349.9/3] 在馆    
17 2001193292   2001193292   中教(第二批第二书库)/山东中教(第二批)/256/ [索取号:H349.9/3] 在馆    
18 2001193293   2001193293   中教(第二批第二书库)/山东中教(第二批)/256/ [索取号:H349.9/3] 在馆    
19 2001193294   2001193294   中教(第二批第二书库)/山东中教(第二批)/256/ [索取号:H349.9/3] 在馆    
20 2001193295   2001193295   中教(第二批第二书库)/山东中教(第二批)/256/ [索取号:H349.9/3] 在馆    
21 2001193296   2001193296   中教(第二批第二书库)/山东中教(第二批)/256/ [索取号:H349.9/3] 在馆    
22 2001193297   2001193297   中教(第二批第二书库)/山东中教(第二批)/256/ [索取号:H349.9/3] 在馆    
23 2001193298   2001193298   中教(第二批第二书库)/山东中教(第二批)/256/ [索取号:H349.9/3] 在馆    
24 2001193299   2001193299   中教(第二批第二书库)/山东中教(第二批)/256/ [索取号:H349.9/3] 在馆    
25 2001193300   2001193300   中教(第二批第二书库)/山东中教(第二批)/256/ [索取号:H349.9/3] 在馆    
26 2001193301   2001193301   中教(第二批第二书库)/山东中教(第二批)/256/ [索取号:H349.9/3] 在馆    
27 2001193302   2001193302   中教(第二批第二书库)/山东中教(第二批)/256/ [索取号:H349.9/3] 在馆    
28 2001193303   2001193303   中教(第二批第二书库)/山东中教(第二批)/256/ [索取号:H349.9/3] 在馆    
29 2001193304   2001193304   中教(第二批第二书库)/山东中教(第二批)/256/ [索取号:H349.9/3] 在馆    
30 2001193305   2001193305   中教(第二批第二书库)/山东中教(第二批)/256/ [索取号:H349.9/3] 在馆    
山东省滨州职业学院图书馆 欢迎您!
大连网信软件有限公司© 版权所有